000 00672nam a2200229 4500
001 143422
003 ES-MaACL
005 20250820051418.0
007 t|
008 070214s1967 sp r ||||1| spa d
100 1 _aSenegas, Louis.
_9105452
245 1 3 _aLa Virgen madre según el Evangelio /
_cLouis Senegas ; traducción de Rosa Armet.
250 _a1ª. ed.
260 _aBarcelona :
_bEstela,
_c1967.
300 _a221 p. ;
_c20 cm.
490 1 _aEspritualidad ;
_v26
600 0 4 _aVirgen María
_9115436
700 1 _aArmet, Rosa.
_922974
830 1 _aEspritualidad ;
_v26
_9220561
852 _aES-MaACL
_jC-33103
999 _c143422
_d143422